00760nam a2200193Ia 4500008004100000100001800041245014800059245003900207260003300246260000900279300002900288440003500317650002800352650004100380650002000421650003400441999001900475952007200494190511s9999 xx 000 0 und d aMace, John H. aDemonstrating conceptual clustering in autobiographical memory with voluntary recall task: More evidence for the conceptual organization view / cJohn H. Mace and Austin J. Hall.-- bUniversity of Illinois Press c2018 aPages 283-293, Fall 2018 aJournal of Psychologyv131 (3) aAutobiographical memory aAutobiographical memory organization aEpisodic memory aepisodic memory oraganization c361835d361835 001040aCLbCLd2019-05-11l0r2019-05-11 00:00:00w2019-05-11ySE